Quiz personnages Kaamelott - Statistiques

Statistiques générales
  • Ce quiz a été pris 463 fois
  • Le résultat moyen est 10 sur 11
Statistiques - réponses
Hint Réponse % Correct
Roi de l'île de Bretagne et du pays de Logres Arthur
100%
Chevalier de la table ronde originaire du pays de galles Perceval
99%
Reine de Bretagne Guenièvre
98%
Lui aussi chevalier de la table ronde et originaire de Vannes il est également le meilleur ami du précédent Karadoc
98%
Enchanteur du château il n'est pas très compétent Merlin
98%
Chevalier de la table ronde délicat et peureux Bohort
95%
Roi de Carmélide et beau père du précédent Léodagan
95%
Bras droit du roi puis ennemi de celui-ci Lancelot du lac
94%
Gardien du culte de Kaamelott et représente la religion chrétienne Père Blaise
89%
Mère de la reine de Bretagne et reine de Carmélide Séli
87%
Frère cadet de la reine de Bretagne Yvain le chevalier au lion
79%
Aucun quiz correspondant
Distribution des résultats
% des personnes avec chaque résultat
Percentile par nombre de réponses
Votre historique - résultats
Vous n’avez pas pris ce quiz